De Cristóbal Colón a Fidel Castro : (Registro nro. 13842)

Detalles MARC
000 -LIDER
fixed length control field 02050nam a2200289 a 4500
001 - NÚMERO DE CONTROL
Identificador de número de control
003 - IDENTIFICACDOR DE NÚMERO DE CONTROL
control field OSt
005 - DATE AND TIME OF LATEST TRANSACTION
control field 20220222115149.0
008 - ELEMENTOS DE LONGITUD FIJA
fixed length control field 130306s2009 dr r 001 0 spa d
020 ## - ISBN
International Standard Book Number 9945406116
040 ## - FUENTE DE CATALOGACIÓN
Agencia que crea de manera original el registro DO-SdBNP
Idioma de catalogación spa
Agencia que realiza la transcripción BPMSU
082 ## - NÚMERO DE CLASIFICACIÓN DECIMAL DE DEWEY
Classification number 972.9
Item number B742d, 2009
Edition number 22
100 1# - ASIENTO PRINCIPAL -- NOMBRE PERSONAL
Nombre personal Bosch, Juan,
Fechas asociadas con el nombre 1909-2001
9 (RLIN) 1
245 10 - MENCIÓN DE TITULO
Título De Cristóbal Colón a Fidel Castro :
Subtítulo el Caribe, frontera imperial /
Mención de responsabilidad Juan Bosch.
250 ## - MENCIÓN DE EDICION
Mención de edición 13a ed.
260 ## - PUBLICACIÓN, DISTRIBUCIÓN, ETC. (PIE DE IMPRENTA)
Lugar de publicación, distribución, etc Santo Domingo :
Nombre del editor, distribuidor, etc. Alfa y Omega,
Fecha de publicación, distribución, etc 2007.
300 ## - DESCRIPCIÓN FÍSICA
Extensión 712 p. ;
Dimensiones 24 cm.
500 ## - NOTA GENERAL
Nota general Incluye índice de personas y lugares
505 0# - NOTA DE CONTENIDO
Texto normalizado de contenido Unas palabras del autor -- Una frontera de cinco siglos -- El escenario de la frontera -- Indios y españoles en los primeros años de la frontera imperial -- La conquista del Caribe entre 1508 y 1526 -- La conquista entre 1526-1584 -- Sublevaciones de indios, africanos y españoles en el siglo XVI -- Las guerras de España en el siglo XVI -- Contrabandistas, bucaneros y filibusteros -- El siglo de la desmembración -- El tiempo del espanto -- Intermedio europeo -- El Caribe hasta la Paz de Utrecht -- Las guerras en el Caribe hasta la Paz de París (1763) -- La revolución Norteamericana y sus resultados en el Caribe -- La revolución francesa y su proyección en el Caribe -- El tiempo de la libertad -- Nacimiento de la República de Haití -- En los umbrales de la gran conmoción -- La guerra social venezolana -- La independencia de los territorios españoles -- 1821-1851. Los años de reajuste -- Los años de los episodios increíbles (1855-1861) -- Las luchas por la independencia de Cuba (1868-1898) -- El siglo del imperio norteamericano -- Los años de las balas y de los dólares -- Fidel Castro o la nueva etapa histórica del Caribe.
590 ## - NOTA LOCAL
Enlace Inventariado,2021/VM
600 14 - ENCABEZAMIENTO DE MATERIA--NOMBRE PERSONAL
Nombre personal Castro, Fidel,
Fechas asociadas con el nombre 1926-2016
Subdivisión temática general Crítica e interpretación.
600 14 - ENCABEZAMIENTO DE MATERIA--NOMBRE PERSONAL
Nombre personal Colón, Cristóbal,
Fechas asociadas con el nombre 1451-1506.
Subdivisión temática general Crítica e interpretación
650 #4 - ENCABEZAMIENTO DE MATERIA--TEMÁTICO
Subdivisión cronológica
651 #4 - ENCABEZAMIENTO DE MATERIA--NOMBRE GEOGRÁFICO
Nombre geográfico Caribe (Región)
Subdivisión temática general Historia
910 ## - VALIDACIÓN
Validación VMateo V.
942 ## - ADDED ENTRY ELEMENTS (KOHA)
Source of classification or shelving scheme Dewey Decimal Classification
Koha item type Libros
Existencias
Withdrawn status Lost status Source of classification or shelving scheme Damaged status Not for loan Collection code Home library Current library Date acquired Source of acquisition Total Checkouts Full call number Barcode Date last seen Price effective from Koha item type
    Dewey Decimal Classification     Colección Dominicana Biblioteca Pública Metropolitana Salomé Ureña Biblioteca Pública Metropolitana Salomé Ureña 11/05/2021 Fundación Juan Bosch   BPMSU CD 972.9 B742d, 2007 BPMSU21110039 11/05/2021 11/05/2021 Libros